[Event "Ì13Ï"]
[Site "Loo"]
[Date "2017.04.25"]
[Round "6.47"]
[White "Ýêèìîâ, Ïàâåë."]
[Black "Áåëîâ, Äàíèëà."]
[Result "0-1"]
[WhiteElo "1346"]
[BlackElo "1518"]
[PlyCount "120"]
[EventDate "2017.04.20"]

1. e4 c5 2. Nf3 e6 3. b3 Nf6 4. e5 Nd5 5. Bb2 Nc6 6. c4 Nb6 7. Be2 Be7 8. O-O
O-O 9. d4 d5 10. exd6 Bxd6 11. Qc2 Qe7 12. dxc5 Bxc5 13. a3 Nd7 14. Nbd2 Bd6
15. Ne4 Bf4 16. Ng3 f6 17. Rfe1 Bxg3 18. hxg3 e5 19. Bd3 g6 20. Qe2 Nc5 21. Bc2
Bg4 22. b4 Ne6 23. Qe3 Rad8 24. Rad1 Rxd1 25. Rxd1 Rd8 26. Rd5 Nc7 27. Rxd8+
Qxd8 28. Bb3 Be6 29. c5 Bxb3 30. Qxb3+ Qd5 31. Qxd5+ Nxd5 32. Nd2 Kf7 33. Kf1
Ke6 34. Ke2 Nc7 35. Ne4 a5 36. Bc3 Nb5 37. Kd3 Nxa3 38. bxa5 Nb5 39. Kc4 Nxc3
40. Nxc3 Nxa5+ 41. Kb5 Nb3 42. Ne4 f5 43. Nd6 Kd5 44. Nxb7 g5 45. Kb6 Nd4 46.
Nd8 e4 47. c6 Nxc6 48. Nxc6 f4 49. gxf4 gxf4 50. Kb5 h5 51. Ne7+ Kd4 52. Nf5+
Kd3 53. Kc5 e3 54. fxe3 fxe3 55. Nd4 e2 56. Nf3 Ke3 57. Kc4 h4 58. Kc3 h3 59.
gxh3 Kxf3 60. Kd2 Kf2 0-1

[Event "Ì13Ï"]
[Site "Loo"]
[Date "2017.04.25"]
[Round "6.48"]
[White "Êîíüêîâ, Ìèõàèë."]
[Black "Àçèìîâ, Òèìóð."]
[Result "1-0"]
[WhiteElo "1497"]
[BlackElo "1281"]
[PlyCount "75"]
[EventDate "2017.04.20"]

1. d4 Nf6 2. c4 g6 3. f3 Bg7 4. e4 O-O 5. Nc3 d6 6. Be3 c5 7. d5 e6 8. Qd2 exd5
9. cxd5 a6 10. g4 b5 11. h4 h5 12. gxh5 Nxh5 13. Bh3 Bxh3 14. Rxh3 b4 15. Nce2
Nd7 16. Nf4 Ndf6 17. Nge2 a5 18. Nxh5 Nxh5 19. Bh6 Qd7 20. Rh1 Rac8 21. Bxg7
Kxg7 22. f4 Rfe8 23. Qd3 Qe7 24. e5 dxe5 25. f5 Qf6 26. fxg6 fxg6 27. O-O-O c4
28. Qe4 a4 29. d6 Rb8 30. d7 Re6 31. Rhf1 Qe7 32. Qxc4 Nf6 33. Qc7 Rd8 34. Rd2
b3 35. axb3 axb3 36. Rfd1 Ne8 37. dxe8=N+ Rxe8 38. Rd7 1-0

[Event "Ì13Ï"]
[Site "Loo"]
[Date "2017.04.25"]
[Round "6.49"]
[White "Êàëèíèí, Ìàòâåé."]
[Black "Ñìèðíîâ, ßðîñëàâ."]
[Result "0-1"]
[WhiteElo "1345"]
[BlackElo "1488"]
[PlyCount "62"]
[EventDate "2017.04.20"]

1. e4 d6 2. d3 g6 3. Nf3 Nf6 4. g3 Bg7 5. Bg2 O-O 6. O-O e5 7. Nbd2 c5 8. c3
Nc6 9. Nc4 Be6 10. Ne3 h6 11. Nh4 Nh7 12. Nd5 Nf6 13. Nxf6+ Qxf6 14. Be3 Qe7
15. Qe1 b5 16. f4 Kh7 17. f5 Bd7 18. Qf2 Bf6 19. Bh3 b4 20. Nf3 bxc3 21. bxc3
Rab8 22. Qd2 Bg7 23. Rf2 Rb7 24. Raf1 Na5 25. Ne1 f6 26. Qe2 g5 27. Bg4 Rfb8
28. Bh5 Be8 29. Bxe8 Qxe8 30. h4 gxh4 31. gxh4 Qf7 {äàëåå çàïèñü íåðàçáîð~~èâà}
0-1

[Event "Ì13Ï"]
[Site "Loo"]
[Date "2017.04.25"]
[Round "6.50"]
[White "Äàíèëèí, Åãîð."]
[Black "Ãîðÿ÷åâ, Âëàäèñëàâ."]
[Result "0-1"]
[WhiteElo "1309"]
[BlackElo "1479"]
[PlyCount "72"]
[EventDate "2017.04.20"]

1. e4 c5 2. Nf3 Nc6 3. d4 cxd4 4. Nxd4 g6 5. Nxc6 bxc6 6. Bc4 d6 7. O-O Bg7 8.
c3 Nf6 9. Re1 O-O 10. Bg5 Qb6 11. Bb3 Ng4 12. Qd2 Re8 13. h3 Nf6 14. e5 dxe5
15. Rxe5 Bf5 16. Na3 Ne4 17. Rxe4 Bxe4 18. Re1 Bf5 19. Rxe7 Rxe7 20. Bxe7 Qc7
21. Bh4 Re8 22. f3 Be6 23. Qe3 Qb6 24. Qxb6 axb6 25. Bxe6 Rxe6 26. Nc4 Re2 27.
Kf1 Rc2 28. a4 b5 29. axb5 cxb5 30. Na3 Rxb2 31. Be1 Rb3 32. Nc2 Bxc3 33. Bxc3
Rxc3 34. Nd4 b4 35. g4 b3 36. Nxb3 Rxb3 0-1

[Event "Ì13Ï"]
[Site "Loo"]
[Date "2017.04.25"]
[Round "6.52"]
[White "Ñàðêèñÿí, Àðòåì."]
[Black "Ãðîìîâîé, Êèðèëë."]
[Result "1-0"]
[WhiteElo "1467"]
[BlackElo "1227"]
[PlyCount "71"]
[EventDate "2017.04.20"]

1. d4 d5 2. c4 e6 3. Nc3 Be7 4. Nf3 Nf6 5. Bg5 O-O 6. e3 Nbd7 7. Rc1 a6 8. Qc2
c5 9. cxd5 exd5 10. dxc5 Nxc5 11. Rd1 Be6 12. Bxf6 Bxf6 13. Nxd5 Qa5+ 14. b4
Nd3+ 15. Bxd3 Qxd5 16. Bxh7+ Kh8 17. Rxd5 Bxd5 18. Qf5 Bc3+ 19. Nd2 Bxg2 20.
Qh5 g6 21. Bxg6+ Kg7 22. Rg1 fxg6 23. Rxg2 Rf6 24. Qd5 Kh6 25. Ke2 Bxb4 26. Ne4
Rf5 27. Qxb7 Raf8 28. Qxb4 a5 29. Qd6 Rg8 30. Qe6 Rg7 31. Ng3 Rg5 32. Qh3+ Rh5
33. Nf5+ Kh7 34. Qxh5+ gxh5 35. Rxg7+ Kh8 36. Kf3 1-0

[Event "Ì13Ï"]
[Site "Loo"]
[Date "2017.04.25"]
[Round "6.54"]
[White "Ëîáîâ, Àëåêñàíäð."]
[Black "Äàâèäÿí, Âëàäèìèð."]
[Result "1-0"]
[WhiteElo "1447"]
[BlackElo "1252"]
[PlyCount "55"]
[EventDate "2017.04.20"]

1. d4 d5 2. Bf4 Nf6 3. Nf3 e6 4. c3 Be7 5. h3 O-O 6. Nbd2 Nbd7 7. e3 b6 8. Bd3
c5 9. O-O c4 10. Bc2 b5 11. e4 Nb6 12. Ne5 Bb7 13. Qe2 dxe4 14. Nxe4 Bxe4 15.
Bxe4 Nxe4 16. Qxe4 Nd5 17. Bg3 Rc8 18. a3 Bf6 19. Rae1 a5 20. Ng4 Qe7 21. Be5
Bxe5 22. Qxe5 Qc7 23. f4 Rfe8 24. f5 Qd7 25. f6 g6 26. Qg5 Qd6 27. Nh6+ Kf8 28.
Nf5 1-0

[Event "Ì13Ï"]
[Site "Loo"]
[Date "2017.04.25"]
[Round "6.56"]
[White "Æèðÿêîâ, Ñòàíèñëàâ."]
[Black "Ðîäèí, Àëåêñàíäð."]
[Result "1-0"]
[WhiteElo "1639"]
[BlackElo "1207"]
[PlyCount "39"]
[EventDate "2017.04.20"]

1. d4 Nc6 2. Nf3 d6 3. Bg5 Bf5 4. Nc3 Nf6 5. Bxf6 gxf6 6. e4 Bg4 7. h3 Bxf3 8.
gxf3 a6 9. Qd2 Qd7 10. Bc4 e6 11. d5 Ne5 12. Be2 O-O-O 13. O-O-O h5 14. Kb1 Bh6
15. Qe1 Bf4 16. Qf1 Qe7 17. Rd4 Kd7 18. Na4 Ke8 19. Nc3 Nd7 20. Qg2 {
äàëåå çàïèñü íåðàçáîð~~èâà!!!} 1-0

[Event "Ì13Ï"]
[Site "Loo"]
[Date "2017.04.25"]
[Round "6.57"]
[White "Òóêàåâ, Òèìóð."]
[Black "Øåìàõàíîâ, Äàíèëà."]
[Result "0-1"]
[WhiteElo "1300"]
[BlackElo "1522"]
[PlyCount "98"]
[EventDate "2017.04.20"]

1. e4 e6 2. d4 d5 3. Nc3 Nf6 4. Bg5 Bb4 5. e5 h6 6. exf6 hxg5 7. fxg7 Rg8 8.
Bd3 Qf6 9. Nf3 Bd7 10. Ne5 c5 11. Nxd7 Nxd7 12. O-O c4 13. Be2 Qxg7 14. Nb1 Qh7
15. c3 Bd6 16. h3 Nf6 17. Bg4 Ne4 18. Nd2 f5 19. Nxe4 dxe4 20. Re1 Rh8 21. Qe2
fxg4 22. Qxg4 Qf5 23. Qxe4 Qxe4 24. Rxe4 Kd7 25. Rae1 Rh6 26. Rg4 Rg8 27. Ree4
Rf6 28. Re2 b5 29. a3 Bf4 30. g3 Bd6 31. Kg2 Rh6 32. Re1 Rgh8 33. Rh1 Rh5 34.
h4 gxh4 35. gxh4 Be7 36. Kg3 Kc6 37. Rg7 Bxh4+ 38. Kg4 a6 39. Rg6 Kd5 40. f3
R5h7 41. Rg1 Bf2 42. Rg2 Rh4+ 43. Kg5 Be3+ 44. Kf6 Rf4+ 45. Ke7 Rhf8 46. Rg7
R4f6 47. R2g4 Bf4 48. Kd7 R6f7+ 49. Rxf7 Rxf7+ 0-1

[Event "Ì13Ï"]
[Site "Loo"]
[Date "2017.04.25"]
[Round "6.58"]
[White "Íàäâèäîâ, Àðñëàí."]
[Black "Ãîðáóíîâ, Âëàäèñëàâ."]
[Result "1-0"]
[WhiteElo "1512"]
[BlackElo "1282"]
[PlyCount "101"]
[EventDate "2017.04.20"]

1. e4 e5 2. Nf3 Nc6 3. Nc3 Nf6 4. d4 exd4 5. Nxd4 Bb4 6. Nxc6 dxc6 7. Qxd8+
Kxd8 8. Bd3 Bxc3+ 9. bxc3 Re8 10. f3 Be6 11. O-O Kd7 12. Bg5 h6 13. Bh4 g5 14.
Bg3 Nh5 15. Rfd1 Rad8 16. Ba6+ Kc8 17. Bd3 Nxg3 18. hxg3 Rf8 19. a3 Rd6 20. f4
f6 21. Be2 Rxd1+ 22. Rxd1 Rd8 23. Rd3 Rxd3 24. cxd3 Kd7 25. Kf2 Kd6 26. d4 b5
27. Ke3 a6 28. Bf3 c5 29. e5+ fxe5 30. fxe5+ Kd7 31. Bb7 cxd4+ 32. cxd4 a5 33.
d5 Bg8 34. Kd4 Bh7 35. Bc6+ Ke7 36. Bxb5 Bf5 37. Bd3 Bg4 38. Be4 h5 39. Kc5 h4
40. gxh4 gxh4 41. Kc6 Kd8 42. Kb5 h3 43. gxh3 Bxh3 44. Kxa5 Bf1 45. Kb4 Ba6 46.
Kc5 Kd7 47. Bf5+ Kd8 48. Kc6 Bc4 49. d6 cxd6 50. Kxd6 Bb5 51. e6 1-0

[Event "Ì13Ï"]
[Site "Loo"]
[Date "2017.04.25"]
[Round "6.59"]
[White "Ñàíêóëîâ, Èëüÿ."]
[Black "Ãóñåâ, Àëåêñàíäð."]
[Result "0-1"]
[WhiteElo "1225"]
[BlackElo "1482"]
[PlyCount "88"]
[EventDate "2017.04.20"]

1. e4 c5 2. Nf3 Nc6 3. Bb5 g6 4. d3 Bg7 5. c3 e6 6. Bxc6 dxc6 7. Be3 b6 8. O-O
Nf6 9. Bg5 Qc7 10. Qd2 O-O 11. Na3 Ba6 12. Rfe1 Ng4 13. h3 Nf6 14. Nc2 Nd7 15.
Ne3 f6 16. Bh4 e5 17. d4 cxd4 18. cxd4 Rad8 19. Qc2 exd4 20. Nxd4 Nc5 21. Bg3
Qd7 22. Rad1 Bd3 23. Rxd3 Nxd3 24. Qb3+ Kh8 25. Qxd3 Qxd4 26. Qxd4 Rxd4 27. f3
Bh6 28. Bf2 Bxe3 29. Bxe3 Rd3 30. Kf2 Rfd8 31. Rc1 R3d6 32. Ke2 c5 33. f4 R6d7
34. g4 Rd6 35. a3 Rd3 36. b4 Rxa3 37. bxc5 Rdd3 38. Bd2 Rxh3 39. c6 Rh2+ 40.
Kd1 Rd3 41. c7 Rdxd2+ 42. Ke1 Rde2+ 43. Kf1 Rh1+ 44. Kxe2 Rxc1 0-1

[Event "Ì13Ï"]
[Site "Loo"]
[Date "2017.04.25"]
[Round "6.61"]
[White "Êîíîòîï, Òèìîôåé."]
[Black "Òàòàðöåâ, Àëåêñàíäð."]
[Result "0-1"]
[WhiteElo "1397"]
[BlackElo "1346"]
[PlyCount "66"]
[EventDate "2017.04.20"]

1. e4 c5 2. b4 e6 3. bxc5 Bxc5 4. d4 Be7 5. Bd3 Nf6 6. Nf3 Nc6 7. c3 d6 8. O-O
O-O 9. h3 Bd7 10. Be3 a6 11. a3 b5 12. Nbd2 Qc7 13. Qc2 h6 14. Nh2 Rfc8 15.
Rac1 Na5 16. f4 Nc4 17. Bxc4 bxc4 18. Qd1 Qc6 19. Qf3 Rab8 20. Ng4 Rb2 21.
Nxf6+ Bxf6 22. Qg3 Kh7 23. e5 Be7 24. Rb1 Rcb8 25. Qg4 Rxb1 26. Nxb1 Qe4 27.
Qf3 Qxf3 28. gxf3 Rb3 29. Bc1 Rxb1 30. Kf2 dxe5 31. fxe5 a5 32. Ke2 a4 33. Kd2
Ra1 0-1

[Event "Ì13Ï"]
[Site "Loo"]
[Date "2017.04.25"]
[Round "6.63"]
[White "Êîëåñíè÷åíêî, Àëåêñåé."]
[Black "Ìíàöàêàíÿí, Òèãðàí."]
[Result "1-0"]
[WhiteElo "1086"]
[BlackElo "1320"]
[PlyCount "81"]
[EventDate "2017.04.20"]

1. e4 c5 2. c3 d6 3. d4 cxd4 4. cxd4 Nf6 5. f3 a6 6. Nc3 e6 7. Bd3 Nc6 8. Nge2
b5 9. a3 Bb7 10. b4 Be7 11. Be3 Qc7 12. Qd2 Rc8 13. Rc1 Qb8 14. O-O e5 15. d5
Nd8 16. Rc2 O-O 17. Rfc1 Re8 18. Nd1 Kh8 19. Rc3 Nd7 20. Qc2 Rxc3 21. Qxc3 f6
22. Qc7 Qxc7 23. Rxc7 Nf8 24. Bb6 Kg8 25. Ndc3 Kh8 26. Nxb5 Ng6 27. Nbc3 Kg8
28. Rd7 Nf8 29. Rc7 Ng6 30. Bc2 Kf7 31. Ba4 Rg8 32. Nc1 Ba8 33. Ra7 Bb7 34.
Bxd8 Rxd8 35. Rxb7 Rc8 36. N1e2 Nf4 37. Bc6 Kf8 38. Nxf4 exf4 39. Na4 Bd8 40.
Nb6 Bxb6+ 41. Rxb6 1-0

[Event "Ì13Â"]
[Site "Loo"]
[Date "2017.04.25"]
[Round "6.1"]
[White "Öâåòêîâ, Àíäðåé."]
[Black "Ïîíîìàðåâ, Ãðèãîðèé."]
[Result "1/2-1/2"]
[WhiteElo "2066"]
[BlackElo "2088"]
[PlyCount "107"]
[EventDate "2017.04.20"]

1. d4 d5 2. c4 c6 3. Nf3 Nf6 4. g3 dxc4 5. a4 g6 6. Bg2 Bg7 7. O-O O-O 8. Na3
Be6 9. Ng5 Qd7 10. Nxe6 Qxe6 11. Qc2 Rd8 12. Rd1 Ne8 13. Be3 Nd6 14. d5 Qf5 15.
Rac1 Qxc2 16. Rxc2 cxd5 17. Bxd5 Na6 18. Bxc4 Nxc4 19. Rxd8+ Rxd8 20. Nxc4 Rd1+
21. Kg2 Nb4 22. Rd2 Rxd2 23. Bxd2 Nc6 24. b4 Ne5 25. Na3 a6 26. f4 Nc6 27. Kf3
e6 28. Ke4 Bf8 29. Nc2 b5 30. axb5 axb5 31. Kd3 Be7 32. e3 Kf8 33. Kc3 Ke8 34.
Kb3 Kd7 35. e4 Kc7 36. Be3 Kb7 37. e5 h5 38. Bc5 h4 39. Bxe7 hxg3 40. hxg3 Nxe7
41. Ne3 Kc6 42. g4 Nd5 43. Ng2 Kb7 44. g5 Kc7 45. Ka3 Kb6 46. Kb3 Kc6 47. Ka3
Nb6 48. Ne3 Nd5 49. Ng2 Nc3 50. Kb3 Ne2 51. Kc2 Ng3 52. Kd3 Nf5 53. Ne3 Ne7 54.
Kd4 1/2-1/2

[Event "Ì13Â"]
[Site "Loo"]
[Date "2017.04.25"]
[Round "6.2"]
[White "Ìèøóðèñ, Ìàòâåé."]
[Black "Ñòóêàí, Ìàðòèí."]
[Result "0-1"]
[WhiteElo "1810"]
[BlackElo "1971"]
[PlyCount "188"]
[EventDate "2017.04.20"]

1. d4 Nf6 2. c4 c5 3. Nf3 g6 4. g3 Bg7 5. Bg2 O-O 6. O-O d6 7. Nc3 Nc6 8. d5
Na5 9. Nd2 a6 10. Qc2 b5 11. cxb5 axb5 12. Nxb5 Qb6 13. Nc3 Bf5 14. e4 Bc8 15.
Na4 Qa7 16. Re1 Ng4 17. Nf1 Nc6 18. dxc6 Qxa4 19. b3 Qxc6 20. e5 d5 21. Bb2 Ba6
22. h3 Nh6 23. Ne3 e6 24. Rac1 Rfc8 25. g4 Rab8 26. f4 Qb6 27. Qd2 Bf8 28. f5
c4 29. Bd4 Bb4 30. Qb2 c3 31. Bxc3 Rxc3 32. Rxc3 d4 33. Rc6 Qa7 34. Bf1 Bxf1
35. Rxf1 dxe3 36. Qe2 Bd2 37. fxe6 fxe6 38. Rxe6 Nf7 39. Ra6 Qc7 40. Qf3 Nxe5
41. Qd5+ Nf7 42. Qf3 Qe7 43. Qe2 Rf8 44. Raf6 Bc3 45. R6f3 Bg7 46. Kg2 Bh6 47.
a4 Qe4 48. Qc4 Qxc4 49. bxc4 Re8 50. Rxf7 e2 51. R7f2 exf1=Q+ 52. Kxf1 Ra8 53.
Ra2 Kf7 54. Ke2 Ke6 55. Kd3 Bg7 56. Ke4 Ra5 57. Kf4 Kd6 58. Rd2+ Kc6 59. Ra2
Kc5 60. Re2 Ra7 61. Re4 Bd4 62. h4 Rf7+ 63. Kg3 Kxc4 64. Rf4 Ra7 65. g5 Rxa4
66. Rf7 Ra7 67. Rf3 Kd5 68. Kg4 Ke6 69. h5 Rf7 70. Ra3 Be5 71. hxg6 hxg6 72.
Ra6+ Bd6 73. Ra4 Rb7 74. Re4+ Be5 75. Ra4 Rd7 76. Ra6+ Rd6 77. Ra8 Rd4+ 78. Kh3
Kf5 79. Ra5 Re4 80. Kg2 Kxg5 81. Kf3 Kf5 82. Ra8 Rb4 83. Rf8+ Bf6 84. Kg3 Rb3+
85. Kg2 g5 86. Ra8 Be5 87. Rf8+ Kg4 88. Re8 Rb2+ 89. Kf1 Kf3 90. Rf8+ Bf4 91.
Re8 g4 92. Re1 g3 93. Kg1 Be3+ 94. Kh1 Rh2# 0-1

[Event "Ì13Â"]
[Site "Loo"]
[Date "2017.04.25"]
[Round "6.3"]
[White "Åðàñòîâ, Ñåìåí."]
[Black "Áîáûëåâ, Íèêèòà."]
[Result "1-0"]
[WhiteElo "1838"]
[BlackElo "1640"]
[PlyCount "97"]
[EventDate "2017.04.20"]

1. d4 Nf6 2. c4 c5 3. d5 b5 4. cxb5 a6 5. bxa6 Bxa6 6. Nc3 d6 7. e4 g6 8. Bxa6
Rxa6 9. Nf3 Nbd7 10. O-O Bg7 11. Qe2 Qa8 12. Nb5 Qb7 13. Nc7+ Qxc7 14. Qxa6 O-O
15. Re1 Ng4 16. h3 Nge5 17. Nxe5 Nxe5 18. f4 Nd7 19. Qe2 Rb8 20. Rb1 Nb6 21. b3
Na4 22. Bd2 Nc3 23. Bxc3 Bxc3 24. Rec1 Bd4+ 25. Kh1 Qa5 26. a4 Kg7 27. Qe1 Qa6
28. Rc4 Qa7 29. Qd1 Be3 30. g3 h5 31. Qd3 Bd4 32. Kg2 h4 33. g4 f6 34. Qd2 Kh6
35. a5 g5 36. fxg5+ fxg5 37. b4 Rf8 38. Rf1 Rb8 39. Rf5 Bf6 40. e5 dxe5 41.
Rxc5 Qd7 42. Rc6 Rxb4 43. Rcxf6+ exf6 44. Rxf6+ Kh7 45. Qxb4 Qxd5+ 46. Rf3 Qd2+
47. Rf2 Qd5+ 48. Kh2 Qe6 49. Qf8 1-0

[Event "Ì13Â"]
[Site "Loo"]
[Date "2017.04.25"]
[Round "6.4"]
[White "Ìàêîâååâ, Èëüÿ."]
[Black "Æóêîâ, Ìàêñèì."]
[Result "1/2-1/2"]
[WhiteElo "2246"]
[BlackElo "1850"]
[PlyCount "86"]
[EventDate "2017.04.20"]

1. e4 e6 2. d4 d5 3. Nc3 Bb4 4. exd5 exd5 5. Bd3 Ne7 6. Qf3 c5 7. a3 Bxc3+ 8.
bxc3 c4 9. Be2 Bf5 10. Nh3 Bxc2 11. Nf4 Be4 12. Qg4 g6 13. O-O Nbc6 14. a4 h5
15. Qh3 Qd7 16. Qe3 Bf5 17. Ba3 O-O-O 18. h4 Ng8 19. Qd2 Nf6 20. Qb2 Qc7 21. g3
Rhg8 22. Ng2 g5 23. Qc1 gxh4 24. Nxh4 Rxg3+ 25. fxg3 Qxg3+ 26. Ng2 Be4 27. Rf2
Rg8 28. Qf1 h4 29. Rxf6 h3 30. Bf3 hxg2 31. Qxg2 Qxg2+ 32. Bxg2 Rxg2+ 33. Kf1
Rh2 34. Re1 Rh3 35. Rxf7 Rxc3 36. Bc5 b6 37. Bd6 Nxd4 38. Rc7+ Kd8 39. Rxa7 Rc2
40. Re3 Ra2 41. Rg3 Ra1+ 42. Kf2 Ra2+ 43. Ke1 Ra1+ 1/2-1/2

[Event "Ì13Â"]
[Site "Loo"]
[Date "2017.04.25"]
[Round "6.5"]
[White "Õàðèòîíîâ, Åãîð."]
[Black "Ãðà÷åâ, Àëåêñåé."]
[Result "1-0"]
[WhiteElo "1850"]
[BlackElo "2147"]
[PlyCount "107"]
[EventDate "2017.04.20"]

1. d4 d5 2. c4 c6 3. Nf3 Nf6 4. Qc2 dxc4 5. e4 b5 6. b3 cxb3 7. axb3 e6 8. Bd2
Bb7 9. Ba5 Qc8 10. Nbd2 Na6 11. Qc3 Be7 12. b4 O-O 13. Bd3 Nh5 14. g3 f5 15. e5
g5 16. h3 Ng7 17. Rc1 Ne8 18. Qb3 Nec7 19. g4 Kg7 20. h4 Qd7 21. hxg5 Nd5 22.
gxf5 exf5 23. Bb1 Nf4 24. Qc3 Bxb4 25. Bxb4 c5 26. dxc5 Qe6 27. c6 Rfc8 28. Qd4
Rxc6 29. Rxc6 Qxc6 30. Bc3 Ne6 31. Qd6 Qxd6 32. exd6+ Kg8 33. Bxf5 Nf8 34. d7
Nc5 35. Ke2 Ncxd7 36. Rb1 a5 37. Ne5 Re8 38. f4 b4 39. Bd4 Nxe5 40. Bxe5 Ne6
41. Bxe6+ Rxe6 42. Ke3 Rc6 43. Nb3 a4 44. Na5 Rb6 45. Nxb7 Rxb7 46. Kd4 Kf7 47.
Kc4 b3 48. Kc3 Rb5 49. Kb2 Rb4 50. Ka3 Rc4 51. Rh1 Rc2 52. Kxa4 b2 53. Kb3 Rc1
54. Rxh7+ 1-0

[Event "Ì13Â"]
[Site "Loo"]
[Date "2017.04.25"]
[Round "6.6"]
[White "Ìåðö, Äìèòðèé."]
[Black "Êóëèê, Àðòóð."]
[Result "1/2-1/2"]
[WhiteElo "1744"]
[BlackElo "1918"]
[PlyCount "80"]
[EventDate "2017.04.20"]

1. e4 c5 2. Nf3 g6 3. d4 cxd4 4. Nxd4 Bg7 5. Nc3 Nc6 6. Be3 Nf6 7. f3 O-O 8.
Qd2 d5 9. exd5 Nxd5 10. Nxd5 Qxd5 11. Nxc6 Qxc6 12. c3 Bf5 13. Rd1 Qe6 14. Be2
Qxa2 15. O-O h5 16. Rfe1 e5 17. Bf1 Bf6 18. Qf2 Qa4 19. Ra1 Qc6 20. Rxa7 Rxa7
21. Bxa7 Rd8 22. Qb6 Qxb6+ 23. Bxb6 Rd2 24. b4 Rc2 25. c4 Be6 26. c5 Rb2 27.
Ba5 Bd7 28. Bd3 Kf8 29. Be4 Bc6 30. Bxc6 bxc6 31. Rd1 e4 32. fxe4 Bc3 33. Bc7
Rxb4 34. Bd6+ Kg7 35. Rd3 Bb2 36. Rd2 Bc3 37. Rd3 Bb2 38. Rd2 Bc3 39. Rd3 Bb2
40. Rd2 Bc3 1/2-1/2

[Event "Ì13Â"]
[Site "Loo"]
[Date "2017.04.25"]
[Round "6.7"]
[White "Êèðèëëîâ, Äìèòðèé."]
[Black "×óãóíîâ, Âàäèì."]
[Result "0-1"]
[WhiteElo "2099"]
[BlackElo "1816"]
[PlyCount "36"]
[EventDate "2017.04.20"]

1. d4 Nf6 2. c4 g6 3. Nc3 Bg7 4. e4 d6 5. f4 O-O 6. Nf3 c5 7. d5 b5 8. cxb5 a6
9. a4 axb5 10. Bxb5 Ba6 11. Bxa6 Nxa6 12. O-O Nb4 13. Qe2 Qb6 14. Be3 Ng4 15.
Rac1 Nxe3 16. Qxe3 Bd4 17. Nxd4 cxd4 18. Qf2 Nd3 0-1

[Event "Ì13Â"]
[Site "Loo"]
[Date "2017.04.25"]
[Round "6.8"]
[White "Ìàõëèí, Ìèðîí."]
[Black "Ïîçíÿê, Íàçàð."]
[Result "0-1"]
[WhiteElo "1832"]
[BlackElo "2069"]
[PlyCount "98"]
[EventDate "2017.04.20"]

1. d4 Nf6 2. Nf3 g6 3. c4 Bg7 4. g3 O-O 5. Bg2 d6 6. O-O Nbd7 7. Nc3 e5 8. h3
Re8 9. dxe5 dxe5 10. e4 c6 11. Qc2 Qe7 12. Be3 Bf8 13. Rad1 a5 14. Rfe1 Qe6 15.
Nd2 Bc5 16. Bxc5 Nxc5 17. Na4 Nfd7 18. Nxc5 Nxc5 19. Nb3 Qe7 20. Kh2 Ne6 21.
Nc1 Nd4 22. Qc3 c5 23. Ne2 Be6 24. a4 Qd7 25. Nxd4 cxd4 26. Qc2 Rec8 27. b3 b5
28. axb5 Qxb5 29. Qd3 Qb4 30. f4 f6 31. f5 Bf7 32. fxg6 hxg6 33. Rf1 Rc6 34.
Qf3 a4 35. bxa4 Rxa4 36. Rf2 Qe7 37. Qg4 Raxc4 38. h4 Qe6 39. Qe2 Qc8 40. Qf1
Kg7 41. Bh3 Qc7 42. h5 Rc2 43. hxg6 Rxf2+ 44. Qxf2 Rc2 45. Rd2 d3 46. Rxc2 dxc2
47. gxf7 Kxf7 48. Qf5 c1=Q 49. Qe6+ Kg7 0-1

[Event "Ì13Â"]
[Site "Loo"]
[Date "2017.04.25"]
[Round "6.9"]
[White "Òàðàñîâ, Äàíèëà."]
[Black "Êàòàåâ, Àëåêñàíäð."]
[Result "1-0"]
[WhiteElo "1768"]
[BlackElo "1995"]
[PlyCount "85"]
[EventDate "2017.04.20"]

1. e4 c5 2. Nf3 Nc6 3. d4 cxd4 4. c3 Nf6 5. e5 Nd5 6. Bc4 Nb6 7. Bb3 d5 8. exd6
e6 9. Nxd4 Bxd6 10. Nxc6 bxc6 11. O-O O-O 12. Nd2 Bb7 13. Nf3 Qc7 14. Bg5 c5
15. h3 h6 16. Bh4 g5 17. Bxg5 Bxf3 18. Qd2 Be4 19. Bxh6 Rfe8 20. Qg5+ Bg6 21.
Rad1 Bf8 22. Bxf8 Kxf8 23. Qh6+ Kg8 24. Rfe1 c4 25. Rd4 Qe7 26. Bc2 Qf8 27. Qg5
Qg7 28. Rg4 Rad8 29. Rxe6 fxe6 30. Bxg6 Rd1+ 31. Kh2 Re7 32. Qf4 e5 33. Qf3 Rd6
34. Be4 Qxg4 35. Qxg4+ Rg7 36. Qh5 Re6 37. Qh4 Kf7 38. Qd8 Rg8 39. Qd1 Ke7 40.
Qe2 Rf8 41. a4 a5 42. Qe3 Rf4 43. f3 1-0

[Event "Ì13Â"]
[Site "Loo"]
[Date "2017.04.25"]
[Round "6.10"]
[White "×óìàåâñêèé, Àðñåíèé."]
[Black "Òðîôèìîâ, Ïàâåë."]
[Result "0-1"]
[WhiteElo "1595"]
[BlackElo "1933"]
[PlyCount "62"]
[EventDate "2017.04.20"]

1. e4 c5 2. Nf3 d6 3. d4 cxd4 4. Nxd4 Nf6 5. Nc3 a6 6. g3 e6 7. Bg2 Be7 8. O-O
O-O 9. Be3 Nbd7 10. a4 Qc7 11. a5 Ne5 12. Bd2 Nc4 13. b4 Nxd2 14. Qxd2 d5 15.
Rfb1 dxe4 16. Na4 e5 17. Nb6 Rb8 18. Nxc8 Rbxc8 19. Nf5 Rfd8 20. Qg5 Bf8 21.
Nh6+ Kh8 22. Qxe5 Rd5 23. Qb2 Rh5 24. Nf5 Rxf5 25. Bh3 Rh5 26. Bxc8 Qxc8 27.
Rd1 Qh3 28. c4 Qxh2+ 29. Kf1 Qh1+ 30. Ke2 Qf3+ 31. Kd2 e3+ 0-1

[Event "Ì13Â"]
[Site "Loo"]
[Date "2017.04.25"]
[Round "6.11"]
[White "Ïóòðåíêî, Êèðèëë."]
[Black "Åðìîëàåâ, Èâàí."]
[Result "1/2-1/2"]
[WhiteElo "1872"]
[BlackElo "1804"]
[PlyCount "89"]
[EventDate "2017.04.20"]

1. d4 Nf6 2. c4 g6 3. Nc3 d5 4. cxd5 Nxd5 5. Bd2 Bg7 6. e4 Nxc3 7. Bxc3 c5 8.
d5 Bxc3+ 9. bxc3 O-O 10. Nf3 e6 11. d6 Nc6 12. Be2 Qf6 13. O-O Rd8 14. Qd2 e5
15. Rfd1 Be6 16. Qe3 b6 17. Ng5 Na5 18. Nxe6 Qxe6 19. Qd3 Rac8 20. h3 f5 21.
exf5 gxf5 22. Qd5 Kf7 23. g4 Rc6 24. Qxe6+ Kxe6 25. gxf5+ Kf6 26. d7 Nb7 27.
Bf3 Rc7 28. Bxb7 Rxb7 29. Rd6+ Kxf5 30. Rad1 b5 31. R1d5 b4 32. Rxc5 bxc3 33.
Rxc3 Rdxd7 34. Rxd7 Rxd7 35. Kg2 Kf4 36. Rf3+ Ke4 37. Ra3 Rg7+ 38. Kf1 Rc7 39.
Kg2 Kf4 40. Rf3+ Ke4 41. Ra3 Rg7+ 42. Kf1 Rd7 43. Kg2 Kf4 44. Rf3+ Ke4 45. Ra3
1/2-1/2

[Event "Ì13Â"]
[Site "Loo"]
[Date "2017.04.25"]
[Round "6.12"]
[White "Ïøìàõîâ, Îñìàí."]
[Black "Áåëîøàïêî, Ìàòâåé."]
[Result "1-0"]
[WhiteElo "2121"]
[BlackElo "1750"]
[PlyCount "89"]
[EventDate "2017.04.20"]

1. d4 Nf6 2. c4 g6 3. Nc3 Bg7 4. e4 d6 5. Be2 O-O 6. Bg5 e5 7. dxe5 dxe5 8.
Qxd8 Rxd8 9. Nd5 Nbd7 10. Nxc7 Rb8 11. O-O-O Rf8 12. f3 b6 13. Nd5 Nxd5 14.
cxd5 f6 15. Be3 Bb7 16. Nh3 Rfc8+ 17. Kb1 Bf8 18. Nf2 Bd6 19. Rc1 a6 20. Nd3
Rxc1+ 21. Rxc1 Rc8 22. Rc3 Rxc3 23. bxc3 Kf7 24. c4 Nc5 25. Bxc5 bxc5 26. Kc2
Bc8 27. Kd2 Ke7 28. Ke3 Bd7 29. g3 g5 30. f4 gxf4+ 31. gxf4 exf4+ 32. Nxf4
Bxf4+ 33. Kxf4 Kd6 34. Bg4 Ba4 35. Bc8 a5 36. Kf5 Bc2 37. Kxf6 Bxe4 38. Bf5 Bf3
39. Bxh7 Be2 40. h4 Bxc4 41. h5 Bxd5 42. h6 Bxa2 43. Bc2 c4 44. h7 c3 45. h8=Q
1-0

[Event "Ì13Â"]
[Site "Loo"]
[Date "2017.04.25"]
[Round "6.13"]
[White "Ìî÷àëèí, Ôàääåé."]
[Black "Àòîâìÿí, Àðò¸ì."]
[Result "1/2-1/2"]
[WhiteElo "1925"]
[BlackElo "1638"]
[PlyCount "118"]
[EventDate "2017.04.20"]

1. e4 e6 2. d4 d5 3. Nd2 c5 4. exd5 Qxd5 5. Ngf3 cxd4 6. Bc4 Qd6 7. O-O Nc6 8.
Nb3 Nf6 9. Nbxd4 Nxd4 10. Nxd4 Bd7 11. Re1 Qc7 12. Qe2 O-O-O 13. g3 Bd6 14. Nb5
Bxb5 15. Bxb5 h5 16. Qc4 Qxc4 17. Bxc4 h4 18. Be3 hxg3 19. hxg3 Kb8 20. Be2 Nd5
21. Bg5 f6 22. Bd2 Be5 23. c3 Bc7 24. Rad1 e5 25. Bf3 Nb6 26. Be4 Nc4 27. Bc1
Nd6 28. Bg2 Bb6 29. a3 Nf5 30. Kf1 Kc7 31. b4 Nd6 32. Rd5 Nf7 33. Red1 Rxd5 34.
Rxd5 Rd8 35. a4 a6 36. a5 Ba7 37. Rxd8 Nxd8 38. Ke2 b6 39. Be3 Nc6 40. Bxc6
Kxc6 41. c4 f5 42. axb6 Bxb6 43. Bxb6 Kxb6 44. g4 g6 45. gxf5 gxf5 46. Kf3 a5
47. c5+ Kb5 48. c6 Kxc6 49. bxa5 Kb5 50. Kg3 Kxa5 51. Kh4 Kb5 52. Kg5 Kc4 53.
Kf6 Kd4 54. Kxf5 Kd5 55. Kg5 Kd4 56. Kf5 e4 57. Kf4 Kd3 58. Kf5 e3 59. fxe3
Kxe3 1/2-1/2

[Event "Ì13Â"]
[Site "Loo"]
[Date "2017.04.25"]
[Round "6.14"]
[White "Êóçüìèí, Ðîìàí."]
[Black "Åôðåìîâ, Âëàäèñëàâ."]
[Result "1-0"]
[WhiteElo "1806"]
[BlackElo "1879"]
[PlyCount "105"]
[EventDate "2017.04.20"]

1. e4 c5 2. Nf3 Nc6 3. d4 cxd4 4. Nxd4 Nf6 5. Nc3 e5 6. Ndb5 h6 7. Nd6+ Bxd6 8.
Qxd6 Qe7 9. Qd1 d6 10. h3 O-O 11. Bd3 Be6 12. O-O Rfd8 13. f4 exf4 14. Bxf4 Ne5
15. Qe2 a6 16. Rf2 Nxd3 17. cxd3 d5 18. e5 Nh7 19. d4 Nf8 20. a3 Qd7 21. g4 Ng6
22. Bd2 Rac8 23. g5 Bxh3 24. gxh6 gxh6 25. Bxh6 Qg4+ 26. Qxg4 Bxg4 27. Bg5 Rd7
28. Kg2 Rc4 29. Bf6 Be6 30. Rd2 Bf5 31. Kf3 Nf8 32. Rg2+ Ng6 33. Rg5 Be4+ 34.
Ke3 Rc6 35. Nxe4 dxe4 36. Rd1 Rb6 37. Rh1 Rxf6 38. exf6 Rd6 39. Rf5 Rb6 40. Rc1
Rc6 41. Rxc6 bxc6 42. Rc5 Nf8 43. Rxc6 Nd7 44. d5 Kh7 45. Rc7 Nxf6 46. Rxf7+
Kg6 47. Rxf6+ Kxf6 48. Kxe4 Ke7 49. Ke5 Kd7 50. d6 Kd8 51. Ke6 a5 52. b4 a4 53.
d7 1-0